[Event "SVK-chT2A 2122"]
[Site "Slovakia"]
[Date "2022.03.06"]
[Round "6.1"]
[White "Dolnak, Michal"]
[Black "Ruckschloss, Karol"]
[Result "1/2-1/2"]
[WhiteElo "2230"]
[BlackElo "2177"]
[PlyCount "38"]
[EventDate "2021.10.16"]
[EventType "team-tourn"]
[EventRounds "11"]
[EventCountry "SVK"]
[SourceTitle "EXT 2023"]
[Source "ChessBase"]
[SourceDate "2022.10.05"]
[SourceVersion "1"]
[SourceVersionDate "2022.10.05"]
[SourceQuality "1"]
[WhiteTeam "Krasnany"]
[BlackTeam "Bratislava Slovan IV"]
[WhiteTeamCountry "SVK"]
[BlackTeamCountry "SVK"]

1. d4 f5 2. c4 Nf6 3. Nf3 g6 4. g3 Bg7 5. Bg2 0-0 6. 0-0 d6 7. Nc3 c6 8. Bf4 Nh5 9. Bd2 e5 10. d5 Qe7 11. e4 f4 12. b4 Na6 13. dxc6 bxc6 14. Qa4 Qb7 15. Rab1 Nc7 16. b5 Bd7 17. bxc6 Qxc6 18. Qa3 Qxc4 19. Qxd6 Qc6 1/2-1/2

[Event "SVK-chT2A 1718"]
[Site "Slovakia"]
[Date "2018.01.13"]
[Round "5.1"]
[White "Dolnak, Michal"]
[Black "Federic, Jozef"]
[Result "1/2-1/2"]
[WhiteElo "2244"]
[BlackElo "2223"]
[PlyCount "77"]
[EventDate "2017.10.28"]
[EventType "team-tourn"]
[EventRounds "11"]
[EventCountry "SVK"]
[SourceTitle "EXT 2019"]
[Source "ChessBase"]
[SourceDate "2018.10.10"]
[SourceVersion "1"]
[SourceVersionDate "2018.10.10"]
[SourceQuality "1"]
[WhiteTeam "Krasnany"]
[BlackTeam "Modra II"]
[WhiteTeamCountry "SVK"]
[BlackTeamCountry "SVK"]

1. d4 d5 2. Nf3 Nf6 3. c4 e6 4. Nc3 Be7 5. Bg5 Nbd7 6. e3 0-0 7. Rc1 c6 8. a3 Re8 9. Bd3 dxc4 10. Bxc4 Nd5 11. Bxe7 Qxe7 12. 0-0 Nxc3 13. Rxc3 e5 14. e4 exd4 15. Qxd4 Ne5 16. Nxe5 Qxe5 17. Qxe5 Rxe5 18. Rd1 Kf8 19. Rd8+ Re8 20. Rcd3 Ke7 21. Rxe8+ Kxe8 22. f4 Be6 23. Bxe6 fxe6 24. Kf2 Ke7 25. Ke3 Rf8 26. g4 Rf6 27. g5 Rf8 28. Rd1 g6 29. h4 h5 30. gxh6 Rh8 31. Kf3 Rxh6 32. Kg4 Rh5 33. Rd2 Rc5 34. Rg2 Kf7 35. e5 Rd5 36. h5 gxh5+ 37. Kxh5 Rd8 38. Rf2 Rg8 39. Rd2 1/2-1/2

[Event "SVK-chT2A 1617"]
[Site "Slovakia"]
[Date "2017.03.11"]
[Round "10.1"]
[White "Dolnak, Michal"]
[Black "Sosna, Jan"]
[Result "0-1"]
[WhiteElo "2252"]
[BlackElo "2347"]
[PlyCount "78"]
[EventDate "2016.10.08"]
[EventType "team-tourn"]
[EventRounds "11"]
[EventCountry "SVK"]
[SourceTitle "EXT 2018"]
[Source "ChessBase"]
[SourceDate "2017.10.13"]
[SourceVersion "1"]
[SourceVersionDate "2017.10.13"]
[SourceQuality "1"]
[WhiteTeam "Krasnany"]
[BlackTeam "Skalica"]
[WhiteTeamCountry "SVK"]
[BlackTeamCountry "SVK"]

1. d4 d5 2. c4 e6 3. Nf3 c6 4. e3 Nf6 5. b3 Nbd7 6. Bb2 Bd6 7. Bd3 dxc4 8. bxc4 Qe7 9. Ne5 Nxe5 10. dxe5 Bb4+ 11. Nd2 Nd7 12. 0-0 Nc5 13. Ne4 Nxe4 14. Bxe4 0-0 15. Qh5 g6 16. Qg4 Rd8 17. Rad1 Bd7 18. Qf4 Be8 19. Qf6 Rac8 20. h4 b5 21. cxb5 cxb5 22. Bd4 Rd7 23. Rc1 Rdc7 24. Rxc7 Qxc7 25. h5 Bf8 26. g4 a5 27. hxg6 hxg6 28. Bb2 Be7 29. Qf4 Bc6 30. Rc1 Qd7 31. Bxc6 Rxc6 32. Rxc6 Qxc6 33. Kf1 Qd5 34. a3 Bc5 35. Bd4 Bxa3 36. Bb6 a4 37. Qg5 Bf8 38. Bd8 a3 39. Qh4 a2 0-1

[Event "SVK-chT1W 1516"]
[Site "Slovakia"]
[Date "2016.03.20"]
[Round "11.3"]
[White "Jakubek, Peter"]
[Black "Dolnak, Michal"]
[Result "1/2-1/2"]
[WhiteElo "2192"]
[BlackElo "2220"]
[PlyCount "77"]
[EventDate "2015.10.24"]
[EventType "team-tourn"]
[EventRounds "11"]
[EventCountry "SVK"]
[SourceTitle "EXT 2017"]
[Source "ChessBase"]
[SourceDate "2016.10.25"]
[SourceVersion "1"]
[SourceVersionDate "2016.10.25"]
[SourceQuality "1"]
[WhiteTeam "Povazska Bystrica"]
[BlackTeam "Bratislava Slovan III"]
[WhiteTeamCountry "SVK"]
[BlackTeamCountry "SVK"]

1. d4 d5 2. Nf3 e6 3. Bf4 Nf6 4. e3 Bd6 5. Bg3 0-0 6. Bd3 c5 7. c3 b6 8. Qe2 Bb7 9. Nbd2 Nc6 10. Ne5 Ne7 11. 0-0 Rc8 12. Bh4 Nf5 13. Bxf5 exf5 14. Qf3 g6 15. Bxf6 Qxf6 16. Nd7 Bxh2+ 17. Kxh2 Qd6+ 18. Ne5 f6 19. Qg3 fxe5 20. dxe5 Qd7 21. f4 d4 22. exd4 cxd4 23. cxd4 Qxd4 24. Nf3 Qxb2 25. Rad1 Rc3 26. Rd7 Bc6 27. Rxa7 Rf7 28. Rxf7 Kxf7 29. Rf2 Rc2 30. Rxc2 Qxc2 31. Nd4 Qe4 32. Nxc6 Qxc6 33. Qh4 h5 34. Qd8 b5 35. Qd4 Qc4 36. Qd7+ Kg8 37. Qe8+ Kg7 38. Qe7+ Kg8 39. Qe8+ 1/2-1/2

[Event "SVK-chT 1415"]
[Site "Slovakia"]
[Date "2015.02.22"]
[Round "8.2"]
[White "Dolnak, Michal"]
[Black "Karas, Marek"]
[Result "1-0"]
[WhiteElo "2187"]
[BlackElo "2170"]
[PlyCount "77"]
[EventDate "2014.10.25"]
[EventType "team-tourn"]
[EventRounds "11"]
[EventCountry "SVK"]
[SourceTitle "EXT 2016"]
[Source "ChessBase"]
[SourceDate "2015.10.08"]
[SourceVersion "1"]
[SourceVersionDate "2015.10.08"]
[SourceQuality "1"]
[WhiteTeam "Bratislava Slovan II"]
[BlackTeam "Bratislava Doprastav"]
[WhiteTeamCountry "SVK"]
[BlackTeamCountry "SVK"]

1. d4 Nf6 2. c4 e6 3. Nf3 Bb4+ 4. Nbd2 d5 5. e3 0-0 6. a3 Be7 7. Bd3 b6 8. 0-0 Bb7 9. b3 Nbd7 10. Bb2 Ne4 11. Rc1 c5 12. cxd5 exd5 13. Qe2 Re8 14. Rfd1 Bf6 15. Nf1 Qe7 16. Ng3 Nxg3 17. hxg3 Rac8 18. Bf5 Rc7 19. Bxd7 Rxd7 20. dxc5 Bxb2 21. c6 Bxc1 22. cxd7 Qxd7 23. Rxc1 d4 24. Qd3 Qe7 25. Nxd4 Qxa3 26. Rc7 Be4 27. Qc4 Bg6 28. Nc6 Qa1+ 29. Kh2 Qf6 30. Ne7+ Kh8 31. Qb5 Rf8 32. Qd7 h5 33. Rc8 Rxc8 34. Qxc8+ Kh7 35. Qg8+ Kh6 36. Qh8+ Kg5 37. f4+ Kg4 38. Qc8+ Bf5 39. Qb7 1-0

[Event "SVK-chT2A 1415"]
[Site "Slovakia"]
[Date "2015.02.14"]
[Round "8.1"]
[White "Dolnak, Michal"]
[Black "Janos, Martin"]
[Result "0-1"]
[WhiteElo "2187"]
[BlackElo "2215"]
[PlyCount "162"]
[EventDate "2014.10.11"]
[EventType "team-tourn"]
[EventRounds "11"]
[EventCountry "SVK"]
[SourceTitle "EXT 2016"]
[Source "ChessBase"]
[SourceDate "2015.10.08"]
[SourceVersion "1"]
[SourceVersionDate "2015.10.08"]
[SourceQuality "1"]
[WhiteTeam "Bratislava Krasnany"]
[BlackTeam "Bratislava DP"]
[WhiteTeamCountry "SVK"]
[BlackTeamCountry "SVK"]

1. d4 Nc6 2. c4 e5 3. d5 Nce7 4. e4 Ng6 5. Be3 Bb4+ 6. Nd2 Nf6 7. Bd3 0-0 8. a3 Be7 9. g3 d6 10. f3 Nh5 11. Ne2 Bg5 12. Bf2 Bh3 13. Nc3 Qd7 14. Rg1 Nf6 15. Qe2 c6 16. 0-0-0 a6 17. Kb1 Qd8 18. Nf1 Nd7 19. Bc2 Qc7 20. Ne3 Rfb8 21. Nf5 c5 22. Bd3 Ndf8 23. Be3 Bxe3 24. Qxe3 Qd8 25. a4 b6 26. Ne2 b5 27. cxb5 Bxf5 28. exf5 Ne7 29. Nc3 f6 30. g4 Kh8 31. g5 Nd7 32. bxa6 Rb4 33. gxf6 Nxf6 34. Qg5 Qf8 35. Bb5 Rf4 36. Rd3 Rxf5 37. Qg2 Nh5 38. Re3 Nf4 39. Qd2 Rh5 40. Bc4 Nf5 41. Ree1 Nd4 42. Ref1 Qf6 43. Ne4 Qh6 44. h3 Rf5 45. Qa5 Nxh3 46. Rh1 Nxf3 47. Qb6 Qe3 48. Nxd6 Rff8 49. a7 Nd2+ 50. Ka2 Nf4 51. Rfg1 Nh3 52. Rc1 Nf2 53. Rhg1 Nxc4 54. Nxc4 Qd4 55. Qc7 e4 56. Ne5 Qxa4+ 57. Kb1 Qxa7 58. Qxa7 Rxa7 59. Rxc5 Kg8 60. d6 Rd8 61. d7 Nd3 62. Rc8 Raxd7 63. Nxd7 Rxc8 64. Nf6+ Kf7 65. Nxe4 Rb8 66. Ng5+ Kg8 67. Rg2 h6 68. Ne6 g5 69. Rh2 Kf7 70. Nd4 Kg6 71. Nc6 Re8 72. Kc2 Nf4 73. b4 g4 74. b5 g3 75. Rh1 g2 76. Rg1 h5 77. Kb3 h4 78. b6 h3 79. b7 h2 80. Rxg2+ Nxg2 81. Ne7+ Kh7 0-1

[Event "SVK-chT2A 1415"]
[Site "Slovakia"]
[Date "2015.02.01"]
[Round "7.1"]
[White "Sosovicka, Juraj"]
[Black "Dolnak, Michal"]
[Result "0-1"]
[WhiteElo "2215"]
[BlackElo "2187"]
[PlyCount "96"]
[EventDate "2014.10.11"]
[EventType "team-tourn"]
[EventRounds "11"]
[EventCountry "SVK"]
[SourceTitle "EXT 2016"]
[Source "ChessBase"]
[SourceDate "2015.10.08"]
[SourceVersion "1"]
[SourceVersionDate "2015.10.08"]
[SourceQuality "1"]
[WhiteTeam "Devinska Nova Ves II"]
[BlackTeam "Bratislava Krasnany"]
[WhiteTeamCountry "SVK"]
[BlackTeamCountry "SVK"]

1. e4 e5 2. Nf3 Nc6 3. Bc4 Bc5 4. c3 Nf6 5. d3 a6 6. Nbd2 Ba7 7. Bb3 0-0 8. h3 h6 9. 0-0 d6 10. Re1 Nh5 11. Nf1 Qf6 12. Be3 Nf4 13. Bxf4 Qxf4 14. Ne3 Ne7 15. Nh2 Qg5 16. Nf3 Qf6 17. d4 Ng6 18. dxe5 dxe5 19. Nd5 Qd8 20. Nh2 c6 21. Ne3 Qg5 22. Nf3 Qf6 23. Ng4 Qe7 24. Qc2 h5 25. Ne3 Qf6 26. Nf5 Nf4 27. Rad1 Bc5 28. h4 g6 29. Nh6+ Kg7 30. Nxf7 Rxf7 31. Bxf7 Qxf7 32. Nxe5 Qe7 33. Nd3 Nxd3 34. Rxd3 Qxh4 35. b4 Bb6 36. g3 Qh3 37. c4 Bg4 38. Qc3+ Kf7 39. Qe5 Re8 40. Qf4+ Kg7 41. c5 Bd8 42. Qd6 Rf8 43. Qb8 Bg5 44. Qe5+ Bf6 45. Qd6 Bb2 46. e5 Rxf2 47. Kxf2 Qh2+ 48. Ke3 Qxg3+ 0-1

[Event "SVK-chT 1415"]
[Site "Slovakia"]
[Date "2015.01.18"]
[Round "6.4"]
[White "Bombek, Peter"]
[Black "Dolnak, Michal"]
[Result "0-1"]
[WhiteElo "2156"]
[BlackElo "2187"]
[PlyCount "70"]
[EventDate "2014.10.25"]
[EventType "team-tourn"]
[EventRounds "11"]
[EventCountry "SVK"]
[SourceTitle "EXT 2016"]
[Source "ChessBase"]
[SourceDate "2015.10.08"]
[SourceVersion "1"]
[SourceVersionDate "2015.10.08"]
[SourceQuality "1"]
[WhiteTeam "Dubnica nad Vahom"]
[BlackTeam "Bratislava Slovan II"]
[WhiteTeamCountry "SVK"]
[BlackTeamCountry "SVK"]

1. d4 c5 2. e3 cxd4 3. exd4 d5 4. Bd3 Nf6 5. c3 Nc6 6. Bf4 Bg4 7. Qb3 Qc8 8. Nd2 e6 9. Ngf3 Be7 10. Ne5 Nxe5 11. Bxe5 0-0 12. 0-0 Qd7 13. Rfe1 Bh5 14. h3 Rfc8 15. a4 a6 16. a5 Bg6 17. Bxg6 hxg6 18. Re3 Ne8 19. Qa4 Qd8 20. Nf3 Nd6 21. Bxd6 Bxd6 22. Ne5 Bxe5 23. Rxe5 b5 24. axb6 Qxb6 25. Qa3 a5 26. h4 Rcb8 27. Ra2 a4 28. h5 gxh5 29. Rxh5 Qb3 30. Qxb3 axb3 31. Rxa8 Rxa8 32. c4 Ra1+ 33. Kh2 dxc4 34. d5 exd5 35. Rxd5 c3 0-1

[Event "SVK-chT1W 1415"]
[Site "Slovakia"]
[Date "2014.10.18"]
[Round "1.5"]
[White "Kalisky, Vladimir"]
[Black "Dolnak, Michal"]
[Result "1/2-1/2"]
[WhiteElo "2268"]
[BlackElo "2187"]
[PlyCount "91"]
[EventDate "2014.10.18"]
[EventType "team-tourn"]
[EventRounds "11"]
[EventCountry "SVK"]
[SourceTitle "EXT 2016"]
[Source "ChessBase"]
[SourceDate "2015.10.08"]
[SourceVersion "1"]
[SourceVersionDate "2015.10.08"]
[SourceQuality "1"]
[WhiteTeam "Nitra NSK"]
[BlackTeam "Bratislava Slovan III"]
[WhiteTeamCountry "SVK"]
[BlackTeamCountry "SVK"]

1. Nf3 Nf6 2. g3 g6 3. Bg2 Bg7 4. 0-0 0-0 5. c4 d6 6. d4 Nbd7 7. Nc3 c6 8. b3 Re8 9. Bb2 e5 10. Rc1 exd4 11. Nxd4 a5 12. Qd2 Nc5 13. Rfd1 Qb6 14. e3 a4 15. Rb1 axb3 16. axb3 Nfe4 17. Qc2 Nxc3 18. Bxc3 Qc7 19. b4 Na4 20. Ba1 Nb6 21. c5 dxc5 22. bxc5 Nd7 23. Nf3 Ne5 24. Nxe5 Bxe5 25. Qe4 Bf5 26. Bxe5 Qxe5 27. Qxe5 Rxe5 28. Rxb7 Rxc5 29. Rc7 Ra6 30. h4 Rc2 31. e4 Be6 32. f4 Raa2 33. Bf1 Kg7 34. Rd6 Kh6 35. Rdxc6 Rcb2 36. f5 Bb3 37. Rb6 Ra1 38. Rc3 Rbb1 39. Rf3 Bc2 40. Rxb1 Rxb1 41. fxg6 hxg6 42. Rxf7 Bxe4 43. Kf2 Bf5 44. Be2 Rb2 45. Ke3 Rb3+ 46. Kf2 1/2-1/2

[Event "SVK-ch U18"]
[Site "Stara Lubovna"]
[Date "2014.04.11"]
[Round "8"]
[White "Novotny, Adam"]
[Black "Dolnak, Michal"]
[Result "0-1"]
[WhiteElo "1906"]
[BlackElo "2139"]
[PlyCount "54"]
[EventDate "2014.04.05"]
[EventType "swiss"]
[EventRounds "9"]
[EventCountry "SVK"]
[SourceTitle "EXT 2016"]
[Source "ChessBase"]
[SourceDate "2015.10.08"]
[SourceVersion "1"]
[SourceVersionDate "2015.10.08"]
[SourceQuality "1"]

1. e4 e5 2. Nf3 Nc6 3. Bc4 Bc5 4. 0-0 Nf6 5. d4 Bxd4 6. Nxd4 Nxd4 7. f4 d6 8. fxe5 dxe5 9. Bg5 Be6 10. Na3 Qe7 11. c3 Bxc4 12. Bxf6 gxf6 13. Nxc4 Ne6 14. b4 Rg8 15. Ne3 Nf4 16. Kh1 Qe6 17. Qa4+ Qd7 18. Qxd7+ Kxd7 19. Rad1+ Ke6 20. g3 Nh5 21. Nd5 Rac8 22. Rf5 Rg5 23. g4 c6 24. Ne3 Nf4 25. h4 Rg6 26. g5 Ne2 27. gxf6 Nxc3 0-1

[Event "SVK-ch U18"]
[Site "Stara Lubovna"]
[Date "2014.04.09"]
[Round "6"]
[White "Jozefek, Michal"]
[Black "Dolnak, Michal"]
[Result "1/2-1/2"]
[WhiteElo "2205"]
[BlackElo "2139"]
[PlyCount "25"]
[EventDate "2014.04.05"]
[EventType "swiss"]
[EventRounds "9"]
[EventCountry "SVK"]
[SourceTitle "EXT 2016"]
[Source "ChessBase"]
[SourceDate "2015.10.08"]
[SourceVersion "1"]
[SourceVersionDate "2015.10.08"]
[SourceQuality "1"]

1. f4 d5 2. Nf3 g6 3. g3 Bg7 4. Bg2 Nh6 5. 0-0 0-0 6. c3 c5 7. d3 Nc6 8. e4 dxe4 9. dxe4 Qxd1 10. Rxd1 e5 11. Be3 b6 12. h3 f6 13. fxe5 1/2-1/2

[Event "SVK-ch U18"]
[Site "Stara Lubovna"]
[Date "2014.04.08"]
[Round "5"]
[White "Dolnak, Michal"]
[Black "Hros, Roman"]
[Result "1/2-1/2"]
[WhiteElo "2139"]
[BlackElo "1982"]
[PlyCount "25"]
[EventDate "2014.04.05"]
[EventType "swiss"]
[EventRounds "9"]
[EventCountry "SVK"]
[SourceTitle "EXT 2016"]
[Source "ChessBase"]
[SourceDate "2015.10.08"]
[SourceVersion "1"]
[SourceVersionDate "2015.10.08"]
[SourceQuality "1"]

1. d4 Nf6 2. Nf3 e6 3. c4 b6 4. g3 Ba6 5. b3 b5 6. cxb5 Bxb5 7. Nc3 Ba6 8. Bg2 d5 9. 0-0 Nbd7 10. Bf4 Bd6 11. Rc1 0-0 12. Na4 Rc8 13. Bxd6 1/2-1/2

[Event "SVK-ch U18"]
[Site "Stara Lubovna"]
[Date "2014.04.07"]
[Round "3"]
[White "Dolnak, Michal"]
[Black "Hlavina, Lubos"]
[Result "1-0"]
[WhiteElo "2139"]
[BlackElo "1875"]
[PlyCount "39"]
[EventDate "2014.04.05"]
[EventType "swiss"]
[EventRounds "9"]
[EventCountry "SVK"]
[SourceTitle "EXT 2016"]
[Source "ChessBase"]
[SourceDate "2015.10.08"]
[SourceVersion "1"]
[SourceVersionDate "2015.10.08"]
[SourceQuality "1"]

1. d4 d5 2. c4 c6 3. Nf3 Nf6 4. Nc3 e6 5. Bg5 h6 6. Bh4 dxc4 7. e4 g5 8. Bg3 b5 9. Be2 Bb7 10. h4 g4 11. Ne5 h5 12. f3 Be7 13. fxg4 hxg4 14. 0-0 Rf8 15. Bxg4 Nbd7 16. Nxf7 Rxf7 17. e5 Nxg4 18. Rxf7 Ndxe5 19. Rh7 Qb6 20. Bxe5 1-0

[Event "SVK-ch U18"]
[Site "Stara Lubovna"]
[Date "2014.04.06"]
[Round "2"]
[White "Kerdik, Adam"]
[Black "Dolnak, Michal"]
[Result "1/2-1/2"]
[WhiteElo "1951"]
[BlackElo "2139"]
[PlyCount "26"]
[EventDate "2014.04.05"]
[EventType "swiss"]
[EventRounds "9"]
[EventCountry "SVK"]
[SourceTitle "EXT 2016"]
[Source "ChessBase"]
[SourceDate "2015.10.08"]
[SourceVersion "1"]
[SourceVersionDate "2015.10.08"]
[SourceQuality "1"]

1. e4 e5 2. Nf3 Nc6 3. Bc4 Bc5 4. d3 Nf6 5. c3 a6 6. Bb3 Ba7 7. h3 d6 8. Nbd2 Ne7 9. Nf1 Ng6 10. Ng3 0-0 11. 0-0 Be6 12. d4 h6 13. Re1 Qc8 1/2-1/2

[Event "SVK-chT2A 1314"]
[Site "Slovakia"]
[Date "2014.02.01"]
[Round "7.1"]
[White "Dolnak, Michal"]
[Black "Rohacek, Miroslav"]
[Result "0-1"]
[WhiteElo "2164"]
[BlackElo "2246"]
[PlyCount "74"]
[EventDate "2013.10.19"]
[EventType "team-tourn"]
[EventRounds "11"]
[EventCountry "SVK"]
[SourceTitle "EXT 2015"]
[Source "ChessBase"]
[SourceDate "2014.11.20"]
[SourceVersion "1"]
[SourceVersionDate "2014.11.20"]
[SourceQuality "1"]
[WhiteTeam "Krasnany"]
[BlackTeam "Bratislava KSN"]
[WhiteTeamCountry "SVK"]
[BlackTeamCountry "SVK"]

1. d4 d6 2. Nf3 Bg4 3. c4 Nd7 4. Nc3 e5 5. g3 c6 6. Bg2 Be7 7. 0-0 Ngf6 8. h3 Bh5 9. Nh4 Qc7 10. Nf5 Bf8 11. d5 c5 12. g4 Bg6 13. e4 Bxf5 14. exf5 h6 15. Qf3 Be7 16. Qg3 a6 17. Bd2 Kf8 18. b3 Re8 19. h4 Qd8 20. f3 b5 21. Rfc1 b4 22. Ne2 Nh7 23. Be1 g6 24. fxg6 fxg6 25. f4 Kg7 26. fxe5 dxe5 27. Be4 Ndf6 28. Qg2 Nxe4 29. Qxe4 Bxh4 30. Bg3 Bxg3 31. Nxg3 Ng5 32. Qe2 Rhf8 33. Rf1 Rf4 34. Rxf4 exf4 35. Qb2+ Kh7 36. Nf1 Nf3+ 37. Kg2 Nd4 0-1

[Event "Wch U18"]
[Site "Al Ain"]
[Date "2013.12.20"]
[Round "3"]
[White "Grover, Sahaj"]
[Black "Dolnak, Michal"]
[Result "1-0"]
[WhiteElo "2485"]
[BlackElo "2164"]
[PlyCount "91"]
[EventDate "2013.12.18"]
[EventType "swiss"]
[EventRounds "11"]
[EventCountry "UAE"]
[SourceTitle "CBM 158 Extra"]
[Source "ChessBase"]
[SourceDate "2014.02.28"]
[SourceVersion "1"]
[SourceVersionDate "2014.02.28"]
[SourceQuality "1"]

1. e4 e5 2. Nf3 Nc6 3. Bb5 Nf6 4. Nc3 Bb4 5. d3 d6 6. 0-0 0-0 7. Bg5 Ne7 8. Nh4 c6 9. Bc4 d5 10. Bb3 a5 11. a4 Bxc3 12. bxc3 dxe4 13. dxe4 Qxd1 14. Raxd1 Ng6 15. Nxg6 hxg6 16. f3 Be6 17. Rd6 Rfd8 18. Rfd1 Rxd6 19. Rxd6 Bxb3 20. cxb3 Kf8 21. Bxf6 gxf6 22. Rd7 Rb8 23. Rc7 b5 24. Rxc6 bxa4 25. bxa4 Rb1+ 26. Kf2 Ra1 27. Rxf6 Rxa4 28. Ke3 Ra2 29. Ra6 Rxg2 30. Rxa5 Rc2 31. Rc5 g5 32. Kd3 Rxh2 33. Rxe5 Rh3 34. Rxg5 Rxf3+ 35. Kd4 Rf1 36. c4 Ke7 37. Re5+ Kd6 38. c5+ Kc6 39. Rf5 Rd1+ 40. Ke5 Rd7 41. Kf6 Ra7 42. Rg5 Rb7 43. e5 Rc7 44. Rg7 Kxc5 45. e6 Rc6 46. Kxf7 1-0

[Event "SVK-chT 1314"]
[Site "Slovakia"]
[Date "2013.12.07"]
[Round "3.1"]
[White "Takacs, Laszlo"]
[Black "Dolnak, Michal"]
[Result "0-1"]
[WhiteElo "2152"]
[BlackElo "2164"]
[PlyCount "118"]
[EventDate "2013.11.09"]
[EventType "team-tourn"]
[EventRounds "11"]
[EventCountry "SVK"]
[SourceTitle "CBM 157 Extra"]
[Source "ChessBase"]
[SourceDate "2013.12.19"]
[SourceVersion "1"]
[SourceVersionDate "2013.12.19"]
[SourceQuality "1"]
[WhiteTeam "Dunajska Streda"]
[BlackTeam "Bratislava Slovan II"]
[WhiteTeamCountry "SVK"]
[BlackTeamCountry "SVK"]

1. e4 e5 2. Nf3 Nc6 3. Bb5 Nf6 4. 0-0 Nxe4 5. d4 Nd6 6. Bxc6 dxc6 7. dxe5 Nf5 8. Qxd8+ Kxd8 9. Bg5+ Ke8 10. Nc3 h6 11. Bf4 Be6 12. a3 Be7 13. Rad1 Rd8 14. Rfe1 c5 15. Nb5 Rxd1 16. Rxd1 Bd8 17. h3 Ne7 18. Be3 a6 19. Nc3 b6 20. a4 Nc6 21. Nd5 Bxd5 22. Rxd5 Ke7 23. Rd1 Ke6 24. Bd2 Nd4 25. Nxd4+ cxd4 26. f4 c5 27. Kf2 Kd5 28. Kf3 b5 29. axb5 axb5 30. Ra1 Bb6 31. Ra6 Rb8 32. Ba5 Bxa5 33. Rxa5 Rb7 34. Ra8 Rd7 35. Rb8 Kc4 36. Ke4 d3 37. b3+ Kc3 38. cxd3 Rd4+ 39. Kf5 b4 40. Rb7 g6+ 41. Kg4 Rxd3 42. Rxf7 Kxb3 43. Rg7 c4 44. Rxg6 c3 45. Rc6 c2 46. e6 Kb2 47. f5 Re3 48. f6 Rxe6 49. Rxe6 c1Q 50. Re5 Qf1 51. Rf5 Qxg2+ 52. Kf4 Qd2+ 53. Ke5 Qc3+ 54. Kd6 Qxh3 55. Rf2+ Kc3 56. Rf4 Qg3 57. Ke5 Qe3+ 58. Kf5 Qc5+ 59. Kg6 Qg5+ 0-1

[Event "SVK-chT 1314"]
[Site "Slovakia"]
[Date "2013.11.09"]
[Round "1.7"]
[White "Svana, Peter"]
[Black "Dolnak, Michal"]
[Result "0-1"]
[WhiteElo "2230"]
[BlackElo "2164"]
[PlyCount "78"]
[EventDate "2013.11.09"]
[EventType "team-tourn"]
[EventRounds "11"]
[EventCountry "SVK"]
[SourceTitle "CBM 157 Extra"]
[Source "ChessBase"]
[SourceDate "2013.12.19"]
[SourceVersion "1"]
[SourceVersionDate "2013.12.19"]
[SourceQuality "1"]
[WhiteTeam "Cadca"]
[BlackTeam "Bratislava Slovan II"]
[WhiteTeamCountry "SVK"]
[BlackTeamCountry "SVK"]

1. Nf3 Nf6 2. c4 e6 3. g3 d5 4. Bg2 Be7 5. 0-0 0-0 6. b3 c5 7. cxd5 exd5 8. d4 Nc6 9. Bb2 Bg4 10. dxc5 Bxc5 11. Qc1 Bxf3 12. Bxf3 Bd4 13. Na3 Qb6 14. Nc2 Be5 15. Ne3 Nd4 16. Qd2 Nxf3+ 17. exf3 Bxb2 18. Qxb2 Rad8 19. Rad1 d4 20. Nc4 Qc5 21. Rd3 b5 22. Na3 Nd7 23. b4 Qf5 24. Rxd4 Ne5 25. Rf4 Qe6 26. Qe2 Rd3 27. Kg2 Rxa3 28. Qxb5 Ng6 29. Re4 Qxa2 30. h4 f6 31. f4 Rd8 32. h5 Nf8 33. Rc1 Rad3 34. h6 gxh6 35. Rc7 R3d7 36. Re7 Rxe7 37. Rxe7 a6 38. Qe2 Qxe2 39. Rxe2 Rb8 0-1

[Event "SVK-chT1W 1314"]
[Site "Slovakia"]
[Date "2013.10.13"]
[Round "2.5"]
[White "Dolnak, Michal"]
[Black "Sukuba, Zdeno"]
[Result "1-0"]
[WhiteElo "2164"]
[BlackElo "2108"]
[PlyCount "73"]
[EventDate "2013.10.12"]
[EventType "team-tourn"]
[EventRounds "11"]
[EventCountry "SVK"]
[SourceTitle "EXT 2015"]
[Source "ChessBase"]
[SourceDate "2014.11.20"]
[SourceVersion "1"]
[SourceVersionDate "2014.11.20"]
[SourceQuality "1"]
[WhiteTeam "Bratislava Slovan III"]
[BlackTeam "Dubnica nad Vahom II"]
[WhiteTeamCountry "SVK"]
[BlackTeamCountry "SVK"]

1. d4 Nf6 2. Nf3 e6 3. c4 b6 4. g3 Bb7 5. Bg2 Be7 6. 0-0 0-0 7. Re1 d5 8. cxd5 exd5 9. Nc3 Nbd7 10. Bf4 Rc8 11. Bh3 Ra8 12. Rc1 c6 13. Qc2 Bb4 14. a3 Bxc3 15. bxc3 b5 16. Bg5 Qe8 17. Nd2 c5 18. dxc5 Nxc5 19. Bxf6 gxf6 20. Nb3 Ne4 21. Nd4 a6 22. Rb1 Bc8 23. Bg2 Bd7 24. f3 Nd6 25. e4 dxe4 26. fxe4 Qe5 27. Qf2 Rac8 28. Nf3 Qxc3 29. Rbd1 Qxa3 30. Qd4 Rfd8 31. Qxd6 Qc3 32. Qe7 Qc7 33. Qxf6 Be6 34. Ng5 Rxd1 35. Rxd1 Qc5+ 36. Kh1 Qf8 37. Nxe6 1-0

[Event "SVK-ch op"]
[Site "Banska Stiavnica"]
[Date "2013.07.13"]
[Round "8"]
[White "Hros, Roman"]
[Black "Dolnak, Michal"]
[Result "0-1"]
[WhiteElo "1982"]
[BlackElo "2167"]
[PlyCount "64"]
[EventDate "2013.07.06"]
[EventType "swiss"]
[EventRounds "9"]
[EventCountry "SVK"]
[SourceTitle "CBM 155 Extra"]
[Source "ChessBase"]
[SourceDate "2013.08.26"]
[SourceVersion "1"]
[SourceVersionDate "2013.08.26"]
[SourceQuality "1"]

1. Nf3 Nf6 2. g3 g6 3. b3 Bg7 4. Bb2 0-0 5. Bg2 d5 6. c4 e6 7. 0-0 b6 8. e3 Bb7 9. d3 c5 10. Qe2 Nc6 11. Ne1 Qd7 12. f4 Rad8 13. g4 dxc4 14. bxc4 Nb4 15. Bxb7 Qxb7 16. a3 Nc6 17. Nd2 Qd7 18. Qg2 Nxg4 19. Bxg7 Nxe3 20. Qh3 Nxf1 21. Bf6 Nxd2 22. Qh6 Qd4+ 23. Bxd4 Nxd4 24. Qh3 Nf5 25. Qg2 Nb3 26. Rb1 Nbd4 27. Kf2 Rd7 28. a4 e5 29. a5 exf4 30. axb6 axb6 31. Rxb6 Re7 32. Rb2 Rfe8 0-1

[Event "Bratislava Slovan op"]
[Site "Bratislava"]
[Date "2013.05.01"]
[Round "6"]
[White "Dolnak, Michal"]
[Black "Kleman, Miroslav"]
[Result "1/2-1/2"]
[WhiteElo "2139"]
[BlackElo "2190"]
[PlyCount "51"]
[EventDate "2013.04.27"]
[EventType "swiss"]
[EventRounds "9"]
[EventCountry "SVK"]
[SourceTitle "CBM 154 Extra"]
[Source "ChessBase"]
[SourceDate "2013.06.25"]
[SourceVersion "2"]
[SourceVersionDate "2013.06.25"]
[SourceQuality "1"]

1. d4 Nf6 2. Nf3 e6 3. c4 Bb4+ 4. Nbd2 0-0 5. a3 Be7 6. e4 d5 7. e5 Nfd7 8. cxd5 exd5 9. Nb3 c5 10. Nxc5 Nxc5 11. dxc5 Bxc5 12. Bd3 h6 13. 0-0 Nc6 14. b4 Bb6 15. Bb2 Be6 16. Bc2 Ne7 17. Nd4 Bxd4 18. Qxd4 Rc8 19. Rac1 a6 20. Bd3 Qd7 21. Qb6 Rxc1 22. Rxc1 Rc8 23. Rxc8+ Qxc8 24. Qd6 Nf5 25. Bxf5 Bxf5 26. Qc5 1/2-1/2